Dotácie na obstaranie hmotného majetku a ich vplyv na základ dane z príjmov

Dotácie poskytnuté na obstaranie hmotného majetku u daňovníka účtujúceho v sústave podvojného účtovníctva a ich vplyv na základ dane z príjmov právnickej osoby. Účtovanie nároku na dotácie. Vplyv dotácie na výsledok hospodárenia a úprava základu dane.

Saved in:
Bibliographic Details
Main Author: Vanková, Lucia
Format: Book Chapter
Language:Slovak
Subjects:
Tags: Add Tag
No Tags, Be the first to tag this record!

MARC

LEADER 00000naa a2200000 4500
001 0288554
005 20240417075218.6
041 0 |a slo 
044 |a SK 
245 1 0 |a Dotácie na obstaranie hmotného majetku a ich vplyv na základ dane z príjmov  |c Lucia Vanková 
520 |a Dotácie poskytnuté na obstaranie hmotného majetku u daňovníka účtujúceho v sústave podvojného účtovníctva a ich vplyv na základ dane z príjmov právnickej osoby. Účtovanie nároku na dotácie. Vplyv dotácie na výsledok hospodárenia a úprava základu dane. 
610 2 0 |a majetok hmotný 
610 2 0 |a dotácie 
610 2 0 |a osoby právnické 
610 2 0 |a dane z príjmov 
610 2 0 |a základ dane 
610 2 0 |a účtovanie 
610 2 0 |a výsledok hospodársky 
610 2 0 |a zákony 
100 1 |a Vanková, Lucia